000 00716nam a2200217 a 4500
005 20230829063538.0
008 010601s2000 mx r 000 0 spa d
020 _a0688179908
035 _aUPN01000107325
049 _aCG
050 4 _aZ282
_bT9.6
245 0 0 _aTypographics four :
_b+ 4 : analysis + imagination = communication /
_ced. Roger Walter.
260 _aNew York :
_bHBI ;
_aCincinati, Ohio :
_b[distribuido] por North Light,
_c2000.
300 _a203 p. :
_bil. col.
500 _aTítulo tipográfico en la portada : T4
650 4 _aCOMPOSICION TIPOGRAFICA
_99818
650 4 _aIMPRENTA -
_xTECNICA
650 2 _aComunicación audiovisual
_911452
700 1 _aWalter, Roger,
_eed.
905 _aLibro
999 _c81237
_d81237